Alle Städte und Gemeinden im Kreis Minden-Lübbecke - Statistiken

Allgemein
  • Dieses Quiz wurde 179 mal gespielt
  • Das Durchschnittsergebnis liegt bei 7 aus 11
Antwortstatistiken
Einwohner Name der Stadt % Korrekt
26.830 Lübbecke
100%
83.991 Minden
100%
36.594 Porta Westfalica
77%
50.513 Bad Oeynhausen
71%
25.763 Espelkamp
58%
16.280 Hille
52%
25.362 Petershagen
52%
12.536 Preußisch Oldendorf
46%
16.150 Rahden
42%
13.604 Stemwede
40%
13.302 Hüllhorst
37%
Keine übereinstimmenden Quizze gefunden
Verteilung der Resultate
Anzahl Personen mit jedem Resultat
Perzentil nach korrekt beantworteten Fragen
Ihre Resultats-Entwicklung
Sie haben dieses Quiz noch nicht gespielt